Código de Energía: sistematización de leyes anotadas y actualizadas. Indice temático. Síntesis explicativas

Sparad:
Bibliografiska uppgifter
Huvudupphovsman: Vergara Blanco, Alejandro (Författare, medförfattare)
Materialtyp: Bok
Språk:spanska
Publicerad: Santiago Legal Publishing 2011
Upplaga:1a. ed
Ämnen:
Taggar: Lägg till en tagg
Inga taggar, Lägg till första taggen!

MARC

LEADER 00000nam a2200000 a 4500
001 UCG6970
003 CL-VaPUC
008 110609e20110500CL |||||||||||||||||spa|d
020 |a 9789562389532 
082 0 4 |a 343.092  |b VER  |2 21 
100 0 |a Vergara Blanco, Alejandro  |e author  |9 557477 
245 1 0 |a Código de Energía: sistematización de leyes anotadas y actualizadas. Indice temático. Síntesis explicativas 
250 |a 1a. ed 
300 |a 905 p 
942 |c BK 
945 |d 20110609 00:00:00  |a dcastane 
260 |a Santiago  |b Legal Publishing  |c 2011 
650 0 |a Industria eléctrica  |9 353482 
650 0 |a Energía eléctrica  |9 256678 
650 7 |a CONCESIONES  |2 CL-VaPUC  |9 259108 
650 0 |a Distribución de energía eléctrica   |9 260221 
650 7 |a SUMINISTRO DE ENERGIA ELECTRICA  |2 CL-VaPUC  |9 557478 
650 7 |a LEGISLACION  |2 CL-VaPUC  |9 557479 
583 |a last modification  |c 20110609 00:00:00  |k Rodrigo Vera 
999 |c 345077  |d 345075 
952 |0 0  |1 0  |4 0  |6 343_092000000000000_VER_2011  |7 0  |8 A  |9 443525  |a BIBDER  |b BIBDER  |d 2019-11-22  |i 4782976  |o 343.092 VER 2011  |p 4782976  |r 2019-11-22  |w 2019-11-22  |y BK  |k DER